UBT Library

Fairy tale as myth/myth as fairy tale / (Record no. 39182)

000 -LEADER
fixed length control field 00835pam a2200241 a 4500
001 - CONTROL NUMBER
control field 3013954
005 - DATE AND TIME OF LATEST TRANSACTION
control field 20171219081406.0
008 - FIXED-LENGTH DATA ELEMENTS--GENERAL INFORMATION
fixed length control field 940406s1994 kyua b s001 0 eng
010 ## - LIBRARY OF CONGRESS CONTROL NUMBER
LC control number 94013777
020 ## - INTERNATIONAL STANDARD BOOK NUMBER
International Standard Book Number 0813118905 (acidfree paper)
020 ## - INTERNATIONAL STANDARD BOOK NUMBER
International Standard Book Number 0813108349 (pbk. : acidfree paper)
040 ## - CATALOGING SOURCE
Original cataloging agency DLC
Transcribing agency DLC
Modifying agency DLC
041 ## - LANGUAGE CODE
Language code of text/sound track or separate title eng
080 ## - UNIVERSAL DECIMAL CLASSIFICATION NUMBER
Universal Decimal Classification number 398.21 ZIP
082 00 - DEWEY DECIMAL CLASSIFICATION NUMBER
Classification number 398.21 ZIP
Edition number 20
100 1# - Rafti
Rafti 21
101 ## - Shkurtesa
Shkurtesa GJL
245 10 - TITLE STATEMENT
Title Fairy tale as myth/myth as fairy tale /
Statement of responsibility, etc Jack Zipes.
504 ## - BIBLIOGRAPHY, ETC. NOTE
Bibliography, etc Includes bibliographical references (p. [175]-185) and index.
906 ## - LOCAL DATA ELEMENT F, LDF (RLIN)
a 7
b cbc
c orignew
d 1
e ocip
f 19
g y-gencatlg
942 ## - ADDED ENTRY ELEMENTS (KOHA)
Source of classification or shelving scheme
Item type Books
Holdings
Withdrawn status Lost status Source of classification or shelving scheme Damaged status Not for loan Collection code Permanent location Current location Shelving location Date acquired Total Checkouts Full call number Barcode Date last seen Price effective from Koha item type
          Koleksioni i përgjithshem UBT - Lipjan UBT - Lipjan Koleksioni i përgjithshem 12/19/2017   398.21 ZIP 002-2938913 12/19/2017 12/19/2017 Books
UBT Library © 2015-2024. All rights reserved University Education for Business and Technology